Císařství ticha /

První svazek cyklu Pojídač slunce, v němž se snoubí space opera a epická fantasy se stoickou filozofií a meditacemi nad povahou lidství.

Hlavní autor: Ruocchio, Christopher
Další autoři: Polívka, Zdeněk
Jazyk: Čeština
Vydáno: Brno : Host, 2024
Vydání: První vydání
Témata:
Fyzický popis: 767 stran ; 22 cm
Knihy
Uloženo v:
LEADER 02727nam a2200493 i 4500
001 nkc20243641613
003 CZ PrNK
005 20251106113327.0
007 ta
008 241107s2024 xr g 000 f cze
015 |a cnb003641613 
020 |a 978-80-275-2153-1  |q (vázáno) 
035 |a (OCoLC)1505965133 
040 |a ABG001  |b cze  |e rda 
041 1 |a cze  |h eng 
072 7 |a 821.111(73)-3  |x Americká próza  |2 Konspekt  |9 25 
080 |a 821.111(73)-31  |2 MRF 
080 |a (0:82-311.9)  |2 MRF 
100 1 |a Ruocchio, Christopher  |7 xx0269779  |4 aut 
240 1 0 |a Empire of silence.  |l Česky 
245 1 0 |a Císařství ticha /  |c Christopher Ruocchio ; přeložil Zdeněk Polívka 
250 |a První vydání 
264 1 |a Brno :  |b Host,  |c 2024 
300 |a 767 stran ;  |c 22 cm 
336 |a text  |b txt  |2 rdacontent 
337 |a bez média  |b n  |2 rdamedia 
338 |a svazek  |b nc  |2 rdacarrier 
500 |a Přeloženo z angličtiny 
500 |a Terminologický slovník 
504 |a Obsahuje bibliografické odkazy 
520 2 |a První svazek cyklu Pojídač slunce, v němž se snoubí space opera a epická fantasy se stoickou filozofií a meditacemi nad povahou lidství.  |b Byla to válka, kterou nezačal, ve jménu Císařství, které nenávidí, a proti nepříteli, kterému nerozumí. Jedni na něj vzpomínají jako na hrdinu: muže, který spálil nebe a vyhubil krvelačné Cielcin. Jiní ho mají za zrůdu: Pojídače slunce, který bez mrknutí oka zhasil miliardy životů a odvrhl všemocné Sollanské císařství. Hadrian se ale nenarodil jako hrdina, ani jako zrůda, dokonce ani jako voják. Vlastní matka se k jeho porodu dostavila pozdě a jeho život začal v kádi, kde byl vypěstován na objednávku svého otce. Místo nalinkované dráhy inkvizitora fanatické Kaple si volí cestu vyděděnce, která ho provede skrz krvavou řež kolosea, intriky hraběcího dvora až k prvnímu setkání s hrůznými Cielcin, tajemství jejichž původu hrozí otřást samými základy lidského pojetí vesmíru. Nakladatelská anotace. Kráceno. 
655 7 |a americké romány  |7 fd131796  |2 czenas 
655 7 |a vědecko-fantastické romány  |7 fd133847  |2 czenas 
655 9 |a American fiction  |2 eczenas 
655 9 |a science fiction novels  |2 eczenas 
700 1 |a Polívka, Zdeněk  |7 jo20251278560  |4 trl 
787 0 8 |i Z cyklu:  |t Pojídač slunce  |g 1 
910 2 |a BOA001  |b 2-1537.627 
920 |a 5025270  |z ABG001 
990 |a BK 
995 |a 01 
991 |b 202502  |c NOV 
996 6 |b 2610992512  |c 2-1537.627  |l MZK  |r Sklad / do 1 hodiny  |n 0  |p p.v.  |w 001991585  |u 000010  |a 1  |e BOA001  |j MZK50  |s P 
996 7 |b 2610992513  |c 2-1537.627  |l MZK  |r Sklad / do 1 hodiny  |n 0  |p p.v.  |w 001991585  |u 000020  |a 1  |e BOA001  |j MZK50  |s A